The Silmarillion: Maedhros the Tall - Statistics

General Stats
  • This quiz has been taken 25 times
    11 since last reset
  • The average score is 13 of 16
Answer Stats
Question Answer % Correct
Who were Maedhros's brothers? Curufin, Celegorm, Maglor, Amrod, Amras, and Caranthir
100%
During the third kinslaying, who did Maedhros and Maglor find? Elrond and Elros
100%
Who was the father and mother of Maedhros? Feanor and Nerdanel
100%
What limb did Maedhros loose as a result of being captured? Hand
100%
What was the original purpose of Maedhros and Maglor keeping the who they found and what happened? Originally, they were supposed to be kept as ransom, but Maglor and Maedhros ended up raising them.
100%
When Maedhros left Valinor to help his father, why couldn't he ever go back? Because of the Doom of Mandos
86%
How did Maedhros help go against Morgoth during the Nirnaeth Arnoediad? By forming the Union of Maedhros
86%
After the Nirnaeth Arnoediad, who did Maedhros try to save after recieving word they had been left in the forest to starve, but failed in the attempt? Elured and Elurin
86%
Who rescued Maedhros from Thangorodrim? Fingon
86%
What was the fate of Maedhros? He cast himself into fire in agony and regret.
86%
What color was Maedhros's hair? Red
86%
What oath did Maedhros take? The Oath of Feanor: An oath to reclaim the Silmarils at any cost
86%
What was Maedhros father-name? Nelyafinwe
71%
What caused Maedhros to have been captured by Morgoth? Morgoth faked a treaty with Maedhros to surrender a silmaril, and Maedhros faked the treaty as well, and this ended in his capture
57%
What quote is something Maedhros said? "A king is he that can hold his own or else his title is vain."
43%
What did Maedhros and Maglor do to reclaim the Silmaril by stealing it? They killed the guards that were guarding it
29%
No matching quizzes found
Score Distribution
Percent of People with Each Score
Percentile by Number Answered
Your Score History
You have not taken this quiz since the last reset